000 00602cam a2200229ua 4500
001 10259
008 171111n ii |||gr||||Z||||||asm
020 _a8186860126
040 _cMAIN
041 _aasm
082 _a301
100 _aGiri, Chura,
_eAuthor.
245 _aSociology: introduction and principle (A)
_cBy Chura Giri and others
250 _a1st ed.
260 _aDibrugarh:
_bNLpublishers,
_c2013.
300 _a240p.
653 _aSociology & anthropology
653 _aSamajtattwa
700 _aSharma, Dipankar,
_eAuthor.
700 _aBora, Swapnajyoti,
_eAuthor.
942 _cBK
999 _c9255
_d9255